00730nam a22002177a 4500003000500000005001700005008004100022010001000063011001000073035001000083040000900093082001200102100002400114245008400138260003000222300001100252490008000263650003300343650005600376830008000432CHAP20220329134715.0971013s1972 r 00010 d a24552 a25524 a29624 cCHAP a371bH300aHall, J. A. P.eed. aComputers in education; proceedings of a conference on the computing laboratory aOxford :bPergamon,c1972 a122 p. aInternational tracts in conputer and technology and their applicationv; 1014aCalculadoras electrónicas.14aProcesamiento automático de datos en educación.0 aInternational tracts in conputer and technology and their applicationv; 10